| 000 | 00625nam a2200229 a 4500 | ||
|---|---|---|---|
| 005 | 20191224041655.0 | ||
| 008 | 140307b1936 pe ||||| |||| 00| 0 eng d | ||
| 041 | _aeng | ||
| 044 | _ape | ||
| 090 |
_aLB _b02762 |
||
| 100 |
_aFrancis Macbride, J. _918095 |
||
| 245 |
_aFlora of Peru _bPiperaceae _bField Museum of Natural History _c1936 |
||
| 260 |
_aperú _bs.e. _c1936 |
||
| 300 | _a253 p. | ||
| 650 |
_aFlora _992293 |
||
| 650 |
_aPlantas _992294 |
||
| 650 |
_aTaxonomía vegetal _992262 |
||
| 650 |
_aClaves taxonómicas _93514 |
||
| 650 |
_aIdentificación de especies _94726 |
||
| 662 | _aPerú | ||
| 942 |
_cImpreso _2z |
||
| 999 |
_c2991 _d2991 |
||